| 000 | 00589nam a22001937a 4500 | ||
|---|---|---|---|
| 999 |
_c6430 _d6430 |
||
| 003 | AR-CdUCM | ||
| 008 | 190315b ||||| |||| 00| 0 spa d | ||
| 040 |
_aMUNICIPALIDAD PROVINCIAL DEL CUSCO _cBIBLIOTECA MUNICIPAL DEL CUSCO |
||
| 082 |
_a869.56 / _bB88 |
||
| 100 |
_aBueno, Leoncio _910270 |
||
| 245 | _aPerú esta es tu hora / | ||
| 260 |
_aLima : _bEl "Frontón", _c1962. |
||
| 500 | _aDonación de la familia Nieto. No cuenta con numeración impresa | ||
| 650 |
_aPerú _935 |
||
| 650 |
_aLiteratura peruana _9169 |
||
| 650 |
_aSiglo XX _98 |
||
| 942 |
_2ddc _cLIBROS |
||
| 945 | _araen | ||